000 00521nam a2200181Ia 4500
008 090123s9999 xx 000 0 und d
082 _b23996
_a891.463/शिरव
100 _aशिरवळकर सुहास
245 _aझलक
250 _a1
260 _bकला भारती प्रकाशन
_c1994
300 _a108
600 _aशिरवळकर सुहास
630 _aझलक
700 _aशिरवळकर सुहास
730 _aझलक
942 _cBOOK
999 _c62067
_d62067